XI Roku 2005 wg Tygodnika "Piłka Nożna" (Europa) - Statystyki

Ogólne statystyki
  • Ten quiz został rozwiązany 110 razy
  • Średni wynik to 8 z 11
Statystyki odpowiedzi
Pozycja Kraj Klub Zawodnik % Poprawnych
BR Czechy Chelsea Petr Cech
99%
ŚP Anglia Liverpool Steven Gerrard
93%
ŚP Hiszpania Barcelona Xavi Hernandez
92%
ŚO Hiszpania Barcelona Carles Puyol
90%
N Szwecja Juventus Zlatan Ibrahimovic
89%
ŚP Anglia Chelsea Frank Lampard
88%
ŚO Anglia Chelsea John Terry
83%
LS Holandia Chelsea Arjen Robben
74%
LO Włochy Juventus Gianluca Zambrotta
44%
N Włochy Palermo/Fiorentina Luca Toni
38%
PO Portugalia Chelsea Paulo Ferreira
21%
Nie znaleziono quizów pasujących do podanych kryteriów
Rozkład punktacji
Procent ludzi z każdym wynikiem
Percentyl według liczby udzielonych odpowiedzi
Twoja historia wyników
Nie rozwiązałeś tego quizu